Cinco meditaciones sobre la belleza

Bewaard in:
Bibliografische gegevens
Hoofdauteur: Cheng, Francois (Auteur)
Formaat: Boek
Taal:Spaans
Gepubliceerd in: Madrid Siruela 2016
Editie:1a. ed
Reeks:El Arbol del Paraíso
Onderwerpen:
Tags: Voeg label toe
Geen labels, Wees de eerste die dit record labelt!

MARC

LEADER 00000cam a2200000 a 4500
001 UCD8680
003 CL-VaPUC
008 170519e20160000sp |||||||||||||||||spa|d
020 |a 9788416638727 
082 0 4 |a 701.17  |b CHE  |2 21 
100 0 |a Cheng, Francois  |e author  |9 592174 
245 1 0 |a Cinco meditaciones sobre la belleza 
250 |a 1a. ed 
300 |a 102 p 
942 |c BK 
945 |d 20170519 15:42:00  |a arojas 
260 |a Madrid  |b Siruela  |c 2016 
650 0 |a Estética   |9 264950 
650 0 |a Belleza   |9 265712 
650 0 |a Meditaciones  |9 309833 
583 |a last modification  |c 20170519 15:42:00  |k Rodrigo Vera 
490 0 |a El Arbol del Paraíso 
999 |c 368010  |d 368008 
952 |0 0  |1 0  |3 erb  |4 0  |6 701_170000000000000_CHE_2016  |7 0  |8 A  |9 483259  |a BIBART  |b BIBART  |i 5375908  |l 1  |o 701.17 CHE 2016  |p 5375908  |r 2025-03-13  |s 2023-09-25  |w 2019-11-24  |y BK  |z Catalogado en:20170519  |k ART